| 000 | 00466nam a22001817a 4500 | ||
|---|---|---|---|
| 003 | OSt | ||
| 005 | 20170628105752.0 | ||
| 008 | 170628b xxu||||| |||| 00| 0 eng d | ||
| 010 | _a2011926274 | ||
| 020 | _a9780538453646 | ||
| 020 | _a0538453648 | ||
| 040 | _cru | ||
| 100 | _aWilliam J. Baumol, Alan S. Blinder | ||
| 245 |
_aMacroeconomics _bprinciples and policy |
||
| 250 | _a12th ed. | ||
| 260 |
_bSouth western, cengage learning _c2012 |
||
| 942 |
_2lcc _cBK |
||
| 999 |
_c256578 _d256577 |
||